Pokud je HDP na vzestupu, proč je Amerika v útlumu?
Dvojznačnosť ekonomiky USA, rozpory medzi hlavnými makroekonomickými ukazovateľmi a skutočnosťou, ktorú občania Ameriky prežívajú. Naliehavá potreba nových ukazovateľov rozvoja zodpovedajúcich autentickej ekonómii. Stručné dejiny ekonomického (chybného) merania. HDP dnes: ako sa útlm mení na vzostup...
Gespeichert in:
| 1. Verfasser: | |
|---|---|
| Weitere Verfasser: | , |
| Format: | Buchkapitel |
| Sprache: | Tschechisch |
| Schlagworte: | |
| Tags: |
Keine Tags, Fügen Sie das erste Tag hinzu!
|
MARC
| LEADER | 00000naa a2200000 4500 | ||
|---|---|---|---|
| 001 | r021843 | ||
| 005 | 20230418123359.8 | ||
| 041 | 0 | |a cze | |
| 044 | |a CZ | ||
| 245 | 1 | 0 | |a Pokud je HDP na vzestupu, proč je Amerika v útlumu? |c C. Cobb, T. Halsted, J. Rowe |
| 520 | |a Dvojznačnosť ekonomiky USA, rozpory medzi hlavnými makroekonomickými ukazovateľmi a skutočnosťou, ktorú občania Ameriky prežívajú. Naliehavá potreba nových ukazovateľov rozvoja zodpovedajúcich autentickej ekonómii. Stručné dejiny ekonomického (chybného) merania. HDP dnes: ako sa útlm mení na vzostup. Systém celonárodného účtovania v USA. Meranie národohospodárskeho rozvoja. Ukazovateľ vierohodného rozvoja UVR (genuine progress indicator - GPI). | ||
| 610 | 2 | 0 | |a makroekonomika |
| 610 | 2 | 0 | |a USA |
| 610 | 2 | 0 | |a ukazovatele ekonomické |
| 610 | 2 | 0 | |a produkt domáci hrubý |
| 610 | 2 | 0 | |a rast hospodársky |
| 610 | 2 | 0 | |a vzťah politiky a ekonomiky |
| 610 | 2 | 0 | |a hospodárstvo národné |
| 100 | 1 | |a Cobb, C. | |
| 700 | 1 | |a Halsted, T. | |
| 700 | 1 | |a Rowe, J. | |